The little oxford dictionary : (Record no. 14926)
[ view plain ]
| 000 -LEADER | |
|---|---|
| fixed length control field | 00496nam a22001697a 4500 |
| 003 - CONTROL NUMBER IDENTIFIER | |
| control field | PILC |
| 005 - DATE AND TIME OF LATEST TRANSACTION | |
| control field | 20150112093446.0 |
| 008 - FIXED-LENGTH DATA ELEMENTS--GENERAL INFORMATION | |
| fixed length control field | 131009t xxu||||| |||| 00| 0 eng d |
| 020 ## - INTERNATIONAL STANDARD BOOK NUMBER | |
| International Standard Book Number | 0198612982 |
| 050 ## - LIBRARY OF CONGRESS CALL NUMBER | |
| Classification number | PE 3601 |
| Item number | .L778 1996 |
| 082 ## - DEWEY DECIMAL CLASSIFICATION NUMBER | |
| Classification number | R 432.21 |
| Item number | L72 1994 c.1 |
| 110 ## - MAIN ENTRY--CORPORATE NAME | |
| Corporate name or jurisdiction name as entry element | Clarendon Press Oxford |
| 9 (RLIN) | 27047 |
| 245 ## - TITLE STATEMENT | |
| Title | The little oxford dictionary : |
| Statement of responsibility, etc | of current English / |
| 260 ## - PUBLICATION, DISTRIBUTION, ETC. (IMPRINT) | |
| Place of publication, distribution, etc | Oxford New York |
| Name of publisher, distributor, etc | Oxford University Press |
| Date of publication, distribution, etc | 1996. |
| 300 ## - PHYSICAL DESCRIPTION | |
| Extent | 541 pages : |
| Dimensions | 12 cm. |
| 942 ## - ADDED ENTRY ELEMENTS (KOHA) | |
| Source of classification or shelving scheme | Library of Congress Classification |
| Koha item type | Books |
| Withdrawn status | Lost status | Source of classification or shelving scheme | Damaged status | Home library | Current library | Shelving location | Date acquired | Total Checkouts | Full call number | Barcode | Date last seen | Copy number | Price effective from | Koha item type |
|---|---|---|---|---|---|---|---|---|---|---|---|---|---|---|
| Library of Congress Classification | Southville International School Affiliated with Foreign Universities Library | Southville International School Affiliated with Foreign Universities Library | Southville Foreign University Section | 10/09/2013 | PE 3601 .L778 1996 | SFU1742 | 05/15/2018 | 1 | 10/09/2013 | Books |